000 00656nam a2200205Ia 4500
003 GCL
008 140319s9999 xx 000 0 ara d
040 _aGCL /
_cGCL
082 0 4 _a21403
_bع ا
100 1 _aعبدالله كنون الحسينى
245 1 0 _aاسلام رائد /
_cعبدالله كنون الحسينى
260 _a[S.N] :
_bدار الكتاب المصرى ،
_c1979
300 _a111 ص
490 _a
650 0 4 _aالاسلام والمذاهب السياسية
650 0 4 _aالاسلام والمذاهب الاقتصادية
650 0 4 _aالرأسمالية
650 0 4 _aالاشتراكية
942 _2ddc
_cBK
999 _c54599
_d54599